[Event "GER-ch Net blitz qual4"]
[Site "Playchess.com INT"]
[Date "2020.03.23"]
[Round "9"]
[White "Costa, Leonardo"]
[Black "Kottke, Steffen"]
[Result "1/2-1/2"]
[WhiteElo "2091"]
[BlackElo "1928"]
[PlyCount "128"]
[EventDate "2020.03.23"]
[EventType "swiss (blitz)"]
[EventRounds "9"]
[EventCountry "GER"]
[SourceTitle "CBM 195 Extra"]
[Source "ChessBase"]
[SourceDate "2020.05.31"]
[SourceVersion "1"]
[SourceVersionDate "2020.05.31"]
[SourceQuality "1"]

1. e4 e6 2. d4 d5 3. e5 c5 4. c3 Nc6 5. Nf3 Qb6 6. a3 a5 7. Bd3 Bd7 8. Bc2 Rc8 9. 0-0 Ra8 10. Nbd2 cxd4 11. cxd4 Nxd4 12. Nxd4 Qxd4 13. Nf3 Qxd1 14. Rxd1 Rc8 15. Bd3 Ne7 16. Bd2 Nc6 17. Bb5 Nxe5 18. Bxd7+ Nxd7 19. Bxa5 Rc2 20. Bc3 Bc5 21. Nd4 Bxd4 22. Rxd4 0-0 23. f3 Nf6 24. Rb4 Rb8 25. Be5 Rbc8 26. Rxb7 Rc1+ 27. Rxc1 Rxc1+ 28. Kf2 Rc2+ 29. Kg3 Nh5+ 30. Kh4 f6 31. Kxh5 fxe5 32. g3 Rxh2+ 33. Kg5 Rg2 34. Kg4 e4 35. fxe4 dxe4 36. Kf4 g5+ 37. Kxg5 Rxg3+ 38. Kf4 Rg7 39. Rb8+ Kf7 40. Kxe4 Kf6 41. a4 Rg4+ 42. Kf3 Rxa4 43. Rh8 Kg7 44. Re8 Kf7 45. Rh8 Kg7 46. Re8 Rb4 47. Rxe6 Rxb2 48. Kg3 Rb4 49. Kh2 Kf7 50. Re1 Rb2+ 51. Kg1 h5 52. Ra1 Kg6 53. Rc1 Kg5 54. Ra1 Kg4 55. Rc1 Kg3 56. Ra1 h4 57. Rc1 h3 58. Kh1 Rf2 59. Rc3+ Rf3 60. Rxf3+ Kxf3 61. Kh2 Kg4 62. Kh1 Kg3 63. Kg1 h2+ 64. Kh1 Kh3 1/2-1/2

[Event "GER-ch Net blitz qual3"]
[Site "Playchess.com INT"]
[Date "2020.03.21"]
[Round "8"]
[White "Kottke, Steffen"]
[Black "Melde, Volker"]
[Result "0-1"]
[WhiteElo "1928"]
[BlackElo "1880"]
[PlyCount "64"]
[EventDate "2020.03.21"]
[EventType "swiss (blitz)"]
[EventRounds "9"]
[EventCountry "GER"]
[SourceTitle "CBM 195 Extra"]
[Source "ChessBase"]
[SourceDate "2020.05.31"]
[SourceVersion "1"]
[SourceVersionDate "2020.05.31"]
[SourceQuality "1"]

1. e4 d5 2. exd5 Qxd5 3. Nc3 Qa5 4. d4 Nf6 5. Nf3 Bg4 6. Be2 c6 7. 0-0 e6 8. Ne5 Bxe2 9. Qxe2 Bb4 10. Ne4 Nxe4 11. Qxe4 Bd6 12. Nc4 Qc7 13. Nxd6+ Qxd6 14. Bf4 Qd7 15. c4 0-0 16. Rfd1 Na6 17. a3 Rad8 18. b4 Nc7 19. Rac1 Ne8 20. h3 Nf6 21. Qe3 a6 22. Bg5 Qe7 23. Qe5 h6 24. Bxf6 Qxf6 25. Qxf6 gxf6 26. Rd3 Kh7 27. Rcd1 f5 28. d5 cxd5 29. cxd5 e5 30. d6 Rd7 31. Rc3 Rfd8 32. Rc7 Rxc7 0-1

[Event "GER-ch Net blitz qual1"]
[Site "Playchess.com INT"]
[Date "2020.03.07"]
[Round "6"]
[White "Friedrich, Andreas"]
[Black "Kottke, Steffen"]
[Result "1-0"]
[WhiteElo "1638"]
[BlackElo "1928"]
[PlyCount "111"]
[EventDate "2020.03.07"]
[EventType "swiss (blitz)"]
[EventRounds "9"]
[EventCountry "GER"]
[SourceTitle "CBM 195 Extra"]
[Source "ChessBase"]
[SourceDate "2020.05.31"]
[SourceVersion "1"]
[SourceVersionDate "2020.05.31"]
[SourceQuality "1"]

1. e4 e6 2. Nf3 d5 3. exd5 exd5 4. d4 Nf6 5. Bd3 Be7 6. h3 0-0 7. 0-0 b6 8. c3 Nbd7 9. Be3 c5 10. dxc5 bxc5 11. Nbd2 Rb8 12. b3 Qc7 13. c4 d4 14. Bg5 Ne5 15. Nxe5 Qxe5 16. Nf3 Qd6 17. Qd2 Bb7 18. Nh2 Qc6 19. f3 Rbe8 20. Ng4 Nxg4 21. hxg4 Bxg5 22. Qxg5 Re3 23. Be4 Qc7 24. Qh5 Bxe4 25. fxe4 Qg3 26. g5 Rxe4 27. Rf3 Qg4 28. Qxg4 Rxg4 29. Rf5 Rc8 30. Raf1 Rc7 31. Rd5 g6 32. Re1 Rg3 33. Ree5 Rc3 34. Rxc5 Rxc5 35. Rxc5 Rc2 36. Rd5 Rxa2 37. Rxd4 Rb2 38. Rd3 Kg7 39. Rc3 Rd2 40. c5 Rd7 41. c6 Rc7 42. b4 h6 43. gxh6+ Kxh6 44. b5 f5 45. Kf2 g5 46. Rd3 Kg6 47. Rd6+ Kh5 48. Rd7 Rc8 49. Rxa7 Kg4 50. c7 f4 51. b6 Kf5 52. Rb7 g4 53. Rb8 g3+ 54. Kf3 Rxc7 55. bxc7 Kf6 56. c8Q 1-0

[Event "GER-ch Net blitz qual1"]
[Site "Playchess.com INT"]
[Date "2020.03.07"]
[Round "4"]
[White "Kottke, Steffen"]
[Black "Boder, Jan"]
[Result "0-1"]
[WhiteElo "1928"]
[BlackElo "2103"]
[PlyCount "146"]
[EventDate "2020.03.07"]
[EventType "swiss (blitz)"]
[EventRounds "9"]
[EventCountry "GER"]
[SourceTitle "CBM 195 Extra"]
[Source "ChessBase"]
[SourceDate "2020.05.31"]
[SourceVersion "1"]
[SourceVersionDate "2020.05.31"]
[SourceQuality "1"]

1. e4 c5 2. d4 cxd4 3. c3 Nf6 4. e5 Nd5 5. cxd4 Nc6 6. Nc3 Nb6 7. Be3 d6 8. Nf3 dxe5 9. dxe5 Qxd1+ 10. Rxd1 Bg4 11. Bb5 e6 12. 0-0 Bxf3 13. gxf3 Be7 14. f4 Rd8 15. Bxb6 axb6 16. Na4 Bc5 17. Rxd8+ Kxd8 18. Rc1 Kc7 19. Bxc6 bxc6 20. Nxc5 bxc5 21. Rxc5 Kb6 22. Rc2 Rd8 23. Kg2 Kb5 24. Kf3 c5 25. a4+ Kb4 26. b3 Rd3+ 27. Ke4 Rxb3 28. a5 Ra3 29. Rd2 c4 30. Rd7 c3 31. Kd3 Rxa5 32. Rxf7 Rc5 33. Kc2 Kc4 34. Rxg7 Rb5 35. Rc7+ Kd4 36. Rxh7 Rb2+ 37. Kc1 Rxf2 38. Rd7+ Ke4 39. Rc7 Kd3 40. Rd7+ Ke3 41. Rc7 Kxf4 42. Rxc3 Rxh2 43. Rc5 Re2 44. Kd1 Rxe5 45. Rc8 Re4 46. Kd2 Ke5 47. Kd3 Rd4+ 48. Ke3 Rd5 49. Ra8 Rb5 50. Rh8 Rb3+ 51. Kd2 Kd5 52. Rd8+ Ke4 53. Kc2 Rh3 54. Ra8 Rh2+ 55. Kc3 e5 56. Ra4+ Ke3 57. Ra8 e4 58. Rg8 Ra2 59. Kb3 Rd2 60. Rf8 Rd7 61. Kc3 Ke2 62. Kc2 Rc7+ 63. Kb2 e3 64. Rh8 Ke1 65. Rh1+ Kd2 66. Rh8 e2 67. Rd8+ Ke1 68. Rf8 Rc5 69. Rf6 Kd2 70. Rd6+ Ke3 71. Re6+ Kf3 72. Rf6+ Ke4 73. Re6+ Re5 0-1

[Event "GER-ch Net blitz qual1"]
[Site "Playchess.com INT"]
[Date "2020.03.07"]
[Round "2"]
[White "Zhou, Lepu Coco"]
[Black "Kottke, Steffen"]
[Result "1-0"]
[WhiteElo "1872"]
[BlackElo "1928"]
[PlyCount "23"]
[EventDate "2020.03.07"]
[EventType "swiss (blitz)"]
[EventRounds "9"]
[EventCountry "GER"]
[SourceTitle "CBM 195 Extra"]
[Source "ChessBase"]
[SourceDate "2020.05.31"]
[SourceVersion "1"]
[SourceVersionDate "2020.05.31"]
[SourceQuality "1"]

1. e4 c5 2. Nf3 d6 3. d4 cxd4 4. Qxd4 e5 5. Bb5+ Nc6 6. Qd3 Nf6 7. Bg5 Be7 8. Nc3 Be6 9. 0-0-0 Qc7 10. Bxf6 gxf6 11. Nd5 a6 12. Nxc7+ 1-0